000 00405nam a2200157Ia 4500
008 100122s9999 xx 000 0 und d
082 _b73196
_a823
100 _aजोशी रत्नप्रभा
245 _aशिखंडी
250 _a2
260 _bपुनर्वसु
_c2007
300 _a128
630 _aशिखंडी
730 _aशिखंडी
942 _cBOOK
999 _c389141
_d389138